Statistiques concernant Les 7 personnages du Cluedo

Cliquez ici pour prendre le quiz!

Statistiques générales

  • Ce quiz a été pris 9 529 fois
  • Le résultat moyen est 5 sur 7

Statistiques - réponses

Personnage% Correct
Colonel Moutarde
98%
Mademoiselle Rose
84%
Professeur Violet
76%
Révérend Olive
73%
Madame Pervenche
72%
Madame Leblanc
47%
Docteur Lenoir
34%

Distribution des résultats

Percentile par nombre de réponses

% des personnes avec chaque résultat

Votre développement - résultats

Vous n’avez pas pris ce quiz